000 00209nam a2200097Ia 4500
008 120527s9999 xx 000 0 und d
100 _aHARDEN,E.
245 _aPrint making.
260 _bChartwell
942 _cBK
999 _c24100
_d24100